000
00223 a2200097 4500
001
18181
100
_a
De Uois, N J
245
_a
Adhesives for metals theo & technology
260
_a
_b
Indus Press
_c
090
_c
13475
_d
13475
942
_a
NUST-CAE
_c
M
_c
3864
999
_c
253254
_d
253254